| 000 | 00562 a2200205 4500 | ||
|---|---|---|---|
| 003 | 426123 | ||
| 005 | 20251125104331.0 | ||
| 022 | _a27360342 | ||
| 040 |
_cNile University of Nigeria, Abuja. _erda |
||
| 050 | _a K 60 .N5 | ||
| 082 | _a K 60 .N5 | ||
| 245 | _a NNAMDI AZIKIWE UNIVERSITY , AWKA. JOURNAL OF COMMERCIAL AND PROPERTY LAW | ||
| 250 | _aVol 12{1-5},2025 | ||
| 260 |
_aANAMBRA _bAMAKA DREAMS _c2025 |
||
| 264 |
_aANAMBRA _bAMAKA DREAMS _c2025 |
||
| 300 | _bvii, 241pg 35 cm | ||
| 336 | _2rdacontent | ||
| 338 | _2rdacarrier | ||
| 942 |
_2lcc _cSERIAL |
||
| 999 |
_c44019 _d44019 |
||